Top scorers for Uruguay in the 21st century - Statistics

General Stats
  • This quiz has been taken 15 times
  • The average score is 6 of 25
Answer Stats
Answer % Correct
Luis Suarez
100%
Edinson Cavani
93%
Diego Forlan
87%
Diego Godin
67%
Federico Valverde
53%
Jose Maria Gimenez
53%
Cristian Rodriguez
33%
Darwin Nunez
33%
Alvaro Pereira
27%
Sebastian Abreu
20%
Christian Stuani
13%
Diego Lugano
13%
Abel Hernandez
7%
Alvaro Recoba
7%
Gaston Pereiro
7%
Nicolas De La Cruz
7%
Nicolas Olivera
7%
Vicente Sanchez
7%
Giorgian De Arrasceata
0%
Javier Chevanton
0%
Marcelo Zalayeta
0%
Martin Liguera
0%
Matias Vecino
0%
Paolo Montero
0%
Sebastian Eguren
0%
No matching quizzes found
Score Distribution
Percent of People with Each Score
Percentile by Number Answered
Your Score History
You have not taken this quiz